[Event "Athens ChessSquare Autumn op"]
[Site "Athens"]
[Date "2017.09.30"]
[Round "3"]
[White "Paraskevas, Georgios"]
[Black "Tzortzis, Dimitrios"]
[Result "1/2-1/2"]
[WhiteElo "1726"]
[BlackElo "1991"]
[PlyCount "59"]
[EventDate "2017.09.16"]
[EventType "swiss"]
[EventRounds "7"]
[EventCountry "GRE"]
[SourceTitle "EXT 2024"]
[Source "ChessBase"]
[SourceDate "2023.10.10"]
[SourceVersion "1"]
[SourceVersionDate "2023.10.10"]
[SourceQuality "1"]

1. e4 e5 2. Nf3 Nc6 3. Bb5 a6 4. Ba4 Nf6 5. d3 b5 6. Bb3 Be7 7. 0-0 0-0 8. Re1 d6 9. c3 Na5 10. Bc2 c5 11. Nbd2 h6 12. Nf1 Nc6 13. Ng3 Be6 14. d4 cxd4 15. cxd4 exd4 16. Nxd4 Nxd4 17. Qxd4 Rc8 18. Bb3 d5 19. exd5 Bc5 20. Qd3 Nxd5 21. Ne4 Ba7 22. Rd1 f5 23. Nc3 Nc7 24. Qg3 Qf6 25. Rd6 Qf7 26. Bxh6 f4 27. Qg5 Bxb3 28. Bxg7 Ne6 29. Rxe6 Bxe6 30. Bf6+ 1/2-1/2

[Event "GRE-chT 45th"]
[Site "Achaia"]
[Date "2017.07.06"]
[Round "5.5"]
[White "Paraskevas, Georgios"]
[Black "Karousos Theodorakis, Nikolaos"]
[Result "0-1"]
[WhiteElo "1710"]
[BlackElo "2153"]
[PlyCount "62"]
[EventDate "2017.07.03"]
[EventType "team-swiss"]
[EventRounds "7"]
[EventCountry "GRE"]
[SourceTitle "CBM 179 Extra"]
[Source "ChessBase"]
[SourceDate "2017.08.23"]
[SourceVersion "1"]
[SourceVersionDate "2017.08.23"]
[SourceQuality "1"]
[WhiteTeam "Pine AO"]
[BlackTeam "Irakleiou Attikis"]
[WhiteTeamCountry "GRE"]
[BlackTeamCountry "GRE"]

1. e4 c5 2. c3 g6 3. d4 cxd4 4. cxd4 d5 5. e5 Nc6 6. Nf3 Bg7 7. Qb3 Nh6 8. Nc3 Nf5 9. Be3 0-0 10. Bd3 Nxe3 11. fxe3 Bh6 12. Kf2 e6 13. Rhe1 Na5 14. Qc2 Bd7 15. h4 Rc8 16. h5 Kg7 17. g4 f6 18. Bxg6 fxe5 19. Kg3 Rxf3+ 20. Kxf3 e4+ 21. Bxe4 dxe4+ 22. Qxe4 Bc6 23. d5 Qf6+ 24. Kg3 exd5 25. Qd4 Nc4 26. b3 Nxe3 27. Qxf6+ Kxf6 28. Rac1 Rg8 29. Rb1 Rxg4+ 30. Kf2 d4 31. Re2 dxc3 0-1

[Event "GRE-ch U14"]
[Site "Porto Rio"]
[Date "2016.07.02"]
[Round "7"]
[White "Paraskevas, Georgios"]
[Black "Brokalakis Gounaris, Christos"]
[Result "1/2-1/2"]
[WhiteElo "1585"]
[BlackElo "1670"]
[PlyCount "100"]
[EventDate "2016.06.28"]
[EventType "swiss"]
[EventRounds "9"]
[EventCountry "GRE"]
[SourceTitle "CBM 173 Extra"]
[Source "ChessBase"]
[SourceDate "2016.08.29"]
[SourceVersion "1"]
[SourceVersionDate "2016.08.29"]
[SourceQuality "1"]

1. e4 e5 2. Nf3 Nc6 3. Bb5 a6 4. Ba4 Nf6 5. d3 d6 6. c3 g6 7. 0-0 Bg7 8. Re1 0-0 9. Nbd2 b5 10. Bc2 d5 11. exd5 Nxd5 12. Nf1 b4 13. Ba4 Qd6 14. Ne3 Nxe3 15. Bxe3 bxc3 16. bxc3 Bf5 17. d4 exd4 18. cxd4 Rfd8 19. Bxc6 Qxc6 20. Rc1 Qb7 21. Qb3 Qxb3 22. axb3 Ra7 23. Rc3 Rb7 24. h3 Be6 25. Ra1 Bxb3 26. Rxa6 Bd5 27. Nd2 Be6 28. Nf3 Bd5 29. Nd2 c6 30. Ra4 Rdb8 31. Nc4 Rb4 32. Rxb4 Rxb4 33. Na5 Bxd4 34. Bxd4 Rxd4 35. Nxc6 Rd1+ 36. Kh2 Kg7 37. Ne5 Rd2 38. Rd3 Rxd3 39. Nxd3 Be4 40. Ne1 Kf6 41. g4 Ke5 42. Kg3 g5 43. f3 Bb1 44. Ng2 f6 45. h4 h6 46. hxg5 hxg5 47. f4+ Ke4 48. fxg5 fxg5 49. Ne1 Ke5 50. Nf3+ Kf6 1/2-1/2

[Event "GRE-ch U14"]
[Site "Porto Rio"]
[Date "2016.06.29"]
[Round "2"]
[White "Triantafilidis, Mihail"]
[Black "Paraskevas, Georgios"]
[Result "1/2-1/2"]
[WhiteElo "1781"]
[BlackElo "1585"]
[PlyCount "65"]
[EventDate "2016.06.28"]
[EventType "swiss"]
[EventRounds "9"]
[EventCountry "GRE"]
[SourceTitle "CBM 173 Extra"]
[Source "ChessBase"]
[SourceDate "2016.08.29"]
[SourceVersion "1"]
[SourceVersionDate "2016.08.29"]
[SourceQuality "1"]

1. e4 e5 2. Nf3 Nc6 3. Bb5 Nd4 4. Bc4 Nxf3+ 5. Qxf3 Qf6 6. Qe2 Bc5 7. d3 d6 8. 0-0 Nh6 9. Be3 Bb6 10. h3 0-0 11. Nd2 Kh8 12. c3 Qg6 13. Kh1 f5 14. f4 Bd7 15. Bxb6 axb6 16. fxe5 dxe5 17. Rf2 Rae8 18. Raf1 Bc6 19. Qe3 Rf6 20. Rf3 Qh5 21. Qe2 f4 22. d4 g5 23. dxe5 Rxe5 24. Qd3 Rd6 25. Qe2 Nf5 26. g4 fxg3 27. Rxf5 Qxe2 28. Rf8+ Kg7 29. Bxe2 Rxd2 30. R8f7+ Kg8 31. Rf8+ Kg7 32. R1f7+ Kg6 33. Rf6+ 1/2-1/2

[Event "Athens Chess Square op"]
[Site "Athens"]
[Date "2016.05.07"]
[Round "6"]
[White "Androni, Konstantina"]
[Black "Paraskevas, Georgios"]
[Result "1-0"]
[WhiteElo "1867"]
[BlackElo "1590"]
[PlyCount "73"]
[EventDate "2016.05.02"]
[EventType "swiss"]
[EventRounds "7"]
[EventCountry "GRE"]
[SourceTitle "CBM 172 Extra"]
[Source "ChessBase"]
[SourceDate "2016.06.21"]
[SourceVersion "1"]
[SourceVersionDate "2016.06.21"]
[SourceQuality "1"]

1. d4 d5 2. Nf3 Nf6 3. c4 e6 4. Nc3 Be7 5. Bg5 0-0 6. e3 b6 7. cxd5 exd5 8. Bd3 h6 9. Bh4 Bb7 10. 0-0 Nbd7 11. Rc1 c5 12. Bb1 Ne4 13. Bxe7 Qxe7 14. Qd3 a5 15. Rfe1 cxd4 16. exd4 f5 17. a3 Ndf6 18. Ne5 Ng4 19. Nxg4 fxg4 20. Nxe4 dxe4 21. Qb3+ Kh8 22. Qxb6 Ra6 23. Qc7 Qf6 24. Qxb7 Qxf2+ 25. Kh1 Raf6 26. Qb5 e3 27. Bd3 g3 28. h3 Rf4 29. Bf1 Rh4 30. Qe2 Rxd4 31. Qxe3 Qxb2 32. Qxg3 Ra4 33. Bd3 Qf6 34. Rf1 Rf4 35. Rxf4 Qxf4 36. Qxf4 Rxf4 37. Rc8+ 1-0

[Event "GRE-ch U14"]
[Site "Rio Achaia"]
[Date "2015.06.29"]
[Round "6.19"]
[White "Paraskevas, Georgios"]
[Black "Mpletsas, Dimitris"]
[Result "1-0"]
[WhiteElo "1748"]
[BlackElo "1160"]
[PlyCount "107"]
[EventDate "2015.06.26"]
[EventType "swiss"]
[EventRounds "9"]
[EventCountry "GRE"]
[SourceTitle "EXT 2024"]
[Source "ChessBase"]
[SourceDate "2023.10.10"]
[SourceVersion "1"]
[SourceVersionDate "2023.10.10"]
[SourceQuality "1"]

1. e4 e5 2. Nf3 Nc6 3. Bb5 a6 4. Ba4 Nf6 5. d3 b5 6. Bb3 Bc5 7. 0-0 h6 8. c3 d6 9. h3 g5 10. d4 Bb6 11. dxe5 Nxe5 12. Nxe5 dxe5 13. Qxd8+ Kxd8 14. Bxf7 Bb7 15. Re1 Nxe4 16. Be3 Rf8 17. Bg6 Nxf2 18. Bxb6 cxb6 19. Re2 Rf6 20. Bc2 Nxh3+ 21. gxh3 Rf3 22. Kh2 Kc7 23. Nd2 Rf4 24. Be4 Bxe4 25. Nxe4 Raf8 26. a4 Kc6 27. axb5+ Kxb5 28. Rd1 Kc4 29. Re3 b5 30. Rd6 Rf3 31. b3+ Kxb3 32. Rxf3 Rxf3 33. Nd2+ Kxc3 34. Nxf3 b4 35. Nxe5 b3 36. Rxa6 b2 37. Rb6 Kc2 38. Nc4 b1Q 39. Na3+ Kd3 40. Rd6+ Ke4 41. Nxb1 Kf4 42. Rxh6 g4 43. Rh4 Kg5 44. Rxg4+ Kh5 45. Nc3 Kh6 46. h4 Kh5 47. Kg3 Kh6 48. Rg5 Kh7 49. h5 Kh6 50. Kg4 Kh7 51. Nd5 Kh6 52. Rg6+ Kh7 53. Nf6+ Kh8 54. Rg8# 1-0

[Event "GRE-ch U14"]
[Site "Rio Achaia"]
[Date "2015.06.26"]
[Round "1.14"]
[White "Stratis, Nikiforos"]
[Black "Paraskevas, Georgios"]
[Result "0-1"]
[WhiteElo "1222"]
[BlackElo "1748"]
[PlyCount "140"]
[EventDate "2015.06.26"]
[EventType "swiss"]
[EventRounds "9"]
[EventCountry "GRE"]
[SourceTitle "EXT 2024"]
[Source "ChessBase"]
[SourceDate "2023.10.10"]
[SourceVersion "1"]
[SourceVersionDate "2023.10.10"]
[SourceQuality "1"]

1. d4 d5 2. Nf3 Nf6 3. Nbd2 e6 4. e3 b6 5. b3 Bb7 6. Bb2 Be7 7. Bd3 0-0 8. 0-0 Ne4 9. Rc1 c5 10. c4 Nd7 11. Qc2 f5 12. Ne5 cxd4 13. exd4 Nxd2 14. Qxd2 Nxe5 15. dxe5 Bc5 16. Rfd1 Qe7 17. Bc3 a5 18. Qf4 a4 19. Rb1 axb3 20. axb3 Ra2 21. Rb2 Ra3 22. Rc1 Qf7 23. Bf1 h6 24. Qd2 Qd7 25. Bb4 d4 26. f3 Rd8 27. Bxa3 Bxa3 28. Rbb1 Bxc1 29. Rxc1 Qc7 30. Re1 Qe7 31. Ra1 Qc7 32. Ra7 Qb8 33. Qa2 d3 34. Qa1 d2 35. Be2 d1Q+ 36. Bxd1 Rxd1+ 37. Qxd1 Qxa7 38. Qd8+ Kh7 39. Qd6 Bc8 40. b4 Qd7 41. c5 Qb5 42. cxb6 f4 43. h3 Kg6 44. Qe7 Qxb6+ 45. Kh2 Bb7 46. Qe8+ Kh7 47. Qe7 Bd5 48. Qf8 Qd4 49. Qd6 Qb2 50. Kg1 Qd4+ 51. Kh2 Qf2 52. Kh1 Kg6 53. Qb8 Kg5 54. Qd8+ Kh5 55. Qb8 Kh4 56. Qc7 g5 57. Qc1 Bxf3 58. Qg1 Qxg1+ 59. Kxg1 Bc6 60. Kf2 Kh5 61. g3 fxg3+ 62. Kxg3 Kg6 63. h4 Kf5 64. hxg5 hxg5 65. Kh3 Kxe5 66. Kg4 Kf6 67. Kg3 Kf5 68. Kf2 Kf4 69. Kg1 e5 70. Kf2 e4 0-1

[Event "Ambelokipi op 152th"]
[Site "Athens"]
[Date "2015.03.18"]
[Round "3"]
[White "Laggousis, Andreas"]
[Black "Paraskevas, Georgios"]
[Result "1/2-1/2"]
[WhiteElo "1973"]
[BlackElo "1620"]
[PlyCount "37"]
[EventDate "2015.03.04"]
[EventType "swiss"]
[EventRounds "7"]
[EventCountry "GRE"]
[SourceTitle "EXT 2024"]
[Source "ChessBase"]
[SourceDate "2023.10.10"]
[SourceVersion "1"]
[SourceVersionDate "2023.10.10"]
[SourceQuality "1"]

1. e4 e5 2. Nf3 Nc6 3. c3 Nf6 4. d4 exd4 5. e5 Nd5 6. Qb3 Nb6 7. cxd4 d5 8. Bb5 Bd7 9. 0-0 a6 10. Be2 Be7 11. Be3 0-0 12. Ne1 Be6 13. f4 f5 14. Nd2 g6 15. Rc1 Rb8 16. Qc3 Bb4 17. Qc2 Be7 18. Qc3 Bb4 19. Qc2 1/2-1/2

[Event "GRE-ch U12"]
[Site "Greece"]
[Date "2014.07.05"]
[Round "2"]
[White "Marinakis, Hristos"]
[Black "Paraskevas, Georgios"]
[Result "1-0"]
[WhiteElo "1358"]
[BlackElo "1514"]
[PlyCount "116"]
[EventDate "2014.07.04"]
[EventType "swiss"]
[EventRounds "9"]
[EventCountry "GRE"]
[SourceTitle "EXT 2017"]
[Source "ChessBase"]
[SourceDate "2016.10.25"]
[SourceVersion "1"]
[SourceVersionDate "2016.10.25"]
[SourceQuality "1"]

1. e4 e5 2. Nf3 Nc6 3. Bb5 f5 4. Nc3 Nf6 5. Bxc6 dxc6 6. Qe2 Bd6 7. exf5 Bxf5 8. Nxe5 Qe7 9. Nc4 Qxe2+ 10. Kxe2 0-0-0 11. Ne3 Rhe8 12. d3 Nd5 13. Kd2 Bf4 14. Ncxd5 cxd5 15. g3 Bh6 16. f4 Bg6 17. Ng4 Bh5 18. h3 d4 19. b3 g6 20. Bb2 Bg7 21. Rae1 c5 22. Re4 h6 23. Rhe1 g5 24. f5 Rxe4 25. Rxe4 Re8 26. Rxe8+ Bxe8 27. Ba3 h5 28. Nf2 b6 29. b4 Be5 30. g4 hxg4 31. hxg4 Bf7 32. bxc5 Bxa2 33. cxb6 axb6 34. Ne4 Bf4+ 35. Ke2 Kd7 36. c3 dxc3 37. Nxc3 Bf7 38. Ne4 Kc6 39. Bf8 b5 40. Be7 Kd5 41. Nc3+ Kc6 42. d4 Bc4+ 43. Kf2 Kd7 44. Bb4 Kc6 45. f6 Bd6 46. d5+ Kd7 47. Bxd6 Kxd6 48. Ne4+ Kd7 49. Nc5+ Ke8 50. d6 b4 51. Ke1 Bb5 52. Kd2 Kf7 53. d7 Bxd7 54. Nxd7 Ke6 55. Nc5+ Kxf6 56. Nd3 Ke6 57. Nxb4 Ke5 58. Ke3 Kd6 1-0

[Event "GRE-ch U12"]
[Site "Patras"]
[Date "2013.07.14"]
[Round "9.7"]
[White "Androutsopoulos Agiotatos, Vasilios"]
[Black "Paraskevas, Georgios"]
[Result "1-0"]
[WhiteElo "1614"]
[BlackElo "1443"]
[PlyCount "79"]
[EventDate "2013.07.08"]
[EventType "swiss"]
[EventRounds "9"]
[EventCountry "GRE"]
[SourceTitle "EXT 2024"]
[Source "ChessBase"]
[SourceDate "2023.10.10"]
[SourceVersion "1"]
[SourceVersionDate "2023.10.10"]
[SourceQuality "1"]

1. e4 e5 2. Nf3 Nc6 3. Bb5 f5 4. d3 Nf6 5. Nc3 Bc5 6. Bg5 fxe4 7. dxe4 Nd4 8. Nxd4 Bxd4 9. Nd5 c6 10. Bxf6 gxf6 11. Qh5+ Kf8 12. Qh6+ Kf7 13. Qh5+ Ke6 14. Qh3+ Kd6 15. Qa3+ Bc5 16. Qd3 Ke6 17. Bc4 cxd5 18. Qxd5+ Ke7 19. Qxc5+ d6 20. Qd5 Rf8 21. 0-0-0 Qd7 22. Rd2 Qe6 23. Qd3 Qd7 24. Rhd1 Rd8 25. Qg3 Qg4 26. Qa3 Qd7 27. Rxd6 Qxd6 28. Rxd6 Rxd6 29. Qg3 h5 30. Qg7+ Kd8 31. Qg8+ Kc7 32. Bd5 Kb6 33. Qf8 Kc7 34. c4 Rb8 35. Qf7+ Bd7 36. Qxh5 Kb6 37. Qf3 Rh8 38. c5+ Kxc5 39. Qa3+ Kd4 40. Qc3# 1-0

[Event "Athens Epikoinonia 1st"]
[Site "Athens"]
[Date "2013.04.14"]
[Round "1.3"]
[White "Sienczewski, Zbigniew"]
[Black "Paraskevas, Georgios"]
[Result "1-0"]
[WhiteElo "2049"]
[BlackElo "1432"]
[PlyCount "55"]
[EventDate "2013.04.14"]
[EventType "swiss"]
[EventRounds "7"]
[EventCountry "GRE"]
[SourceTitle "EXT 2024"]
[Source "ChessBase"]
[SourceDate "2023.10.10"]
[SourceVersion "1"]
[SourceVersionDate "2023.10.10"]
[SourceQuality "1"]

1. Nf3 d5 2. c4 e6 3. g3 Nf6 4. Bg2 Nc6 5. 0-0 dxc4 6. Qa4 Bd7 7. Qxc4 Bd6 8. d4 Rb8 9. Nc3 a6 10. a4 0-0 11. e4 e5 12. Be3 exd4 13. Nxd4 Ng4 14. Nxc6 Nxe3 15. Qe2 Bxc6 16. Qxe3 Qe7 17. Rad1 Rfe8 18. Nd5 Qe5 19. Qb3 b5 20. Qc2 Bxd5 21. Rxd5 Qe6 22. axb5 axb5 23. Rfd1 Red8 24. Qc6 Rb6 25. Rxd6 Rf8 26. Rxe6 fxe6 27. Qxc7 Rbb8 28. Rd7 1-0